000 00487nam a22001457a 4500
003 URS
005 20220114172008.0
008 190223b xxu||||| |||| 00| 0 eng d
020 _a9780262018937
050 1 4 _aHG 1811
_bC393
100 1 _aPierre L. Siklos.
_d2013
_eauthor
245 1 0 _aCentral bank communication, decision making, and governance :
_bissues. challengees, and case studies /
_cPierre L. Siklos.
264 1 _aUnited States of America :
_bMIT Press,
_c©2013.
942 _2lcc
_cFR
999 _c15399
_d15399